000 00902nam a2200289 4500
001 00265
003 DO-SdBNP
005 20240301072711.0
007 00265
008 160411b 1998 sp ||| 00| 0 spa d
020 _a8437601614
040 _aBPMSU
_bspa
_cBPMSU
082 _a861.62
_bJ61p 1998
_222
100 1 _aJiménez, Juan Ramón,
_d1881-1958.
245 1 0 _aPlatero y yo /
_cJuan Ramón Jiménez ; Edición Michael P. Predmore
250 _a18a. ed.
260 _aMadrid :
_bEdiciones Cátedra,
_c1998.
300 _a271 p. ;
_c20 cm.
490 0 _aLetras hispánica,
_v90
500 _aIncluye referencias bibliográficas y notas al pie de las páginas
590 _aInventariado, 2023/VM
_6
650 4 _aPoesías juveniles española
650 4 _aLiteratura española
_x
700 1 _aPredmore, Michael P.
_eed.
910 _aVMateo V.Control de calidad BPMSU
942 _2ddc
_cBK
999 _c9683
_d9683